000 00309nam a2200121Ia 4500
008 190216s9999||||xx |||||||||||||| ||und||
100 _aGopalan R & Ramalingam V
245 0 _aConcise Coordination Chemistry
260 _bVikas Publishing House
_c2001
300 _a403p
650 _aChemistry
942 _cBK
999 _c2924
_d2924